00398nam a22001337a 4500008004100000020001500041050002700056100002300083245007200106250001200178260002900190300001600219650002900235180727b xxu||||| |||| 00| 0 eng d a1412994453 aHD62.6b .W67 2012 c.1 aWorth, Michael J.  aNon profit Management bPrinciples and Practice cMichael J. Worth  a2nd ed. aLos Angeles bSagec2012 axxii, 431p. aNonprofit Organizations